000 00478nam a2200157Ia 4500
999 _c7444
_d7444
003 OSt
005 20200121132703.0
008 190216s9999||||xx |||||||||||||| ||und||
040 _coclc
082 _a658
_bVEN/B
100 1 _aVenugopalan, K.
_9874
245 0 _aBusiness Management /
_cK Venugopal ; Abdul Assis Koroth
260 _bCalicut University Central Co-Operative,
_aCalicut:
_c2009.
300 _a436p
942 _cBK
_2ddc
_h658
_iVEN/B
_k658
_mVEN/B